A toda tela (Record no. 8207)

MARC details
000 - LÍDER
campo de control de longitud fija 00949nam a2200193Ia 4500
008 - ELEMENTOS DE DATOS DE LONGITUD FIJA - INFORMACIÓN GENERAL
campo de control de longitud fija 0000001985 sp a 0000000000spa00
090 ## - NÚMERO DE LLAMADA DE TIPO LC LOCALMENTE ASIGNADO (OCLC)
Número de clasificación (OCLC) (R) PSP00 A76
245 10 - TÍTULO DECLARACIÓN
Título A toda tela
Resto del título : 14 pintores, 4 escultores
260 ## - PUBLICACIÓN, DISTRIBUCIÓN
Lugar de publicación <Murcia (España)> : Consejería de Educación y cultura
Fecha de publicación 1985
300 ## - DESCRIPCIÓN FÍSICA
Alcance [40] p.
Dimensiones / 32 cm.
500 ## - NOTA GENERAL
Nota general Exposición realizada en el Centro Cultural Caixa de Aforros de Vigo, Febrero 16 Marzo 12, 1985
505 ## - NOTA DE CONTENIDO FORMATEADA
Nota sobre el contenido formateado Ignacio Basallo Tono Carbajo Correa Corredoira Carlos Crego Xose FreiXanes Angel Huete Menchu Lamas Anton Lamazares Francisco Leiro Juan M. De la Colina Eduardo Matamoro Ana Mazoy Manuel R. Moldes Anton Patiño Manuel Paz Mouta Alberte Permuy Manuel Ruibal Silveiro Rivas
650 14 - ENTRADA DE SUJETO AÑADIDO - TÉRMINO TÓPICO
Término tópico o elemento de entrada del nombre geográfico ARTE CONTEMPORANEO ESPAÑOL
650 14 - ENTRADA DE SUJETO AÑADIDO - TÉRMINO TÓPICO
Subdivisión general CATALOGOS
650 14 - ENTRADA DE SUJETO AÑADIDO - TÉRMINO TÓPICO
Término tópico o elemento de entrada del nombre geográfico ESCULTURA ESPAÑOLA
650 14 - ENTRADA DE SUJETO AÑADIDO - TÉRMINO TÓPICO
Subdivisión general EXPOSICIONES
650 14 - ENTRADA DE SUJETO AÑADIDO - TÉRMINO TÓPICO
Término tópico o elemento de entrada del nombre geográfico PINTORES ESPAÑOLES
650 14 - ENTRADA DE SUJETO AÑADIDO - TÉRMINO TÓPICO
Término tópico o elemento de entrada del nombre geográfico PINTURA ESPAÑOLA
Holdings
Estado de retirada Pérdida de estatus Estado dañado No para préstamo Código de recogida Ubicación permanente Ubicación actual Ubicación de las estanterías Fecha de adquisición Número de llamada completo Código de barras Fecha de la última vez que se vio Número de copia Precio efectivo desde Tipo de artículo Koha
        General ArtNexus ArtNexus General 06/09/2022 P-SP-00 A76 8210 06/09/2022 Ej.1 06/09/2022 Libro

Powered by Koha